书目信息 |
| 题名: |
坚持四项基本原则讲话
|
|
| 作者: | ;工人日报编辑部 编 | |
| 分册: | ||
| 出版信息: | 北京 工人出版社 1981 |
|
| 页数: | 165页 | |
| 开本: | 19cm | |
| 丛书名: | ||
| 单 册: | ||
| 中图分类: | D64-53 | |
| 科图分类: | ||
| 主题词: | 思想政治教育--中国--文集 | |
| 电子资源: | ||
| ISBN: | ||
| 000 | 00671nam0 2200229 45 | |
| 001 | 0181002341 | |
| 005 | 20060728163800.93 | |
| 010 | @dCNY0.42 | |
| 091 | @a3007.380 | |
| 100 | @a19950426d1981 em y0chiy0121 ea | |
| 101 | 0 | @achi |
| 102 | @aCN@b110000 | |
| 105 | @ay z 000yy | |
| 200 | 10 | @a坚持四项基本原则讲话@Ajian chi si xiang ji ben yuan ze jiang hua@f工人日报编辑部编@FGong Ren Ri Bao Bian Ji Bu Bian |
| 210 | @a北京@c工人出版社@d1981 | |
| 215 | @a165页@d19cm | |
| 606 | 0 | @a思想政治教育@x中国@x文集 |
| 690 | @aD64-53@v3 | |
| 711 | 02 | @a工人日报编辑部@4编 |
| 801 | 2 | @aCN@bNLC@c20060728 |
| 801 | 0 | @aCN@b上海图书馆@c20060720 |
| 905 | @dD64-53@e15@f1@b82247 | |
| 坚持四项基本原则讲话/工人日报编辑部编.-北京:工人出版社,1981 |
| 165页;19cm |
| ISBN :CNY0.42 |
| ● |
| 相关链接 |
|
|
|
|
正题名:坚持四项基本原则讲话
索取号:D64-53/15
 
预约/预借
| 序号 | 登录号 | 条形码 | 馆藏地/架位号 | 状态 | 备注 |
| 1 | 0082243 | 000372439 | 密集书库/ [索取号:D64-53/15] | 在馆 | |
| 2 | 0082244 | 001744474 | 密集书库/ [索取号:D64-53/15] | 在馆 | |
| 3 | 0082245 | 001744116 | 密集书库/ [索取号:D64-53/15] | 在馆 | |
| 4 | 0082246 | 001744438 | 密集书库/ [索取号:D64-53/15] | 在馆 | |
| 5 | 0082247 | 000372448 | 第一样本阅览室/ [索取号:D64-53/15] | 在馆 | |
| 6 | 0424424 | 204244246 | 密集书库/ [索取号:D64-53/15] | 在馆 | |
| 7 | 0424910 | 204249107 | 密集书库/ [索取号:D64-53/15] | 在馆 | |
| 8 | 0440532 | 204405321 | 密集书库/ [索取号:D64-53/15] | 在馆 | |
| 9 | 0440533 | 204405330 | 密集书库/ [索取号:D64-53/15] | 在馆 | |
| 10 | 0440534 | 204405349 | 密集书库/ [索取号:D64-53/15] | 在馆 | |
| 11 | 0440535 | 204405358 | 密集书库/ [索取号:D64-53/15] | 在馆 | |
| 12 | 0440536 | 204405367 | 密集书库/ [索取号:D64-53/15] | 在馆 | |
| 13 | 0440537 | 204405376 | 密集书库/ [索取号:D64-53/15] | 在馆 |